000
00305nam a22001337a 4500
008
170926b xxu||||| |||| 00| 0 eng d
020
_a
1413006620
041
_a
eng
080
_2
2ND
_a
37
100
_a
46
101
_a
EDU
245
_a
THE WRITER'S HARBRACE HANDBOOK BRIEF
_c
GLENN,CH
942
_2
udc
_c
BK
999
_c
29750
_d
29750